Chargement en cours...
A hundred horizons : the Indian Ocean in the age of global empire /
| Auteur principal: | |
|---|---|
| Format: | Printed Book |
| Publié: |
Cambridge, Mass. :
Harvard University Press,
2006.
|
| Sujets: | |
| Accès en ligne: | Table of contents only Book review (H-Net) |
| LEADER | 01275cam a22002894a 4500 | ||
|---|---|---|---|
| 010 | |a 2005052767 | ||
| 015 | |a GBA622867 |2 bnb | ||
| 016 | 7 | |a 013402918 |2 Uk | |
| 020 | |a 0674021576 | ||
| 035 | |a (OCoLC)ocm61479633 | ||
| 042 | |a pcc | ||
| 043 | |a i------ | ||
| 050 | 0 | 0 | |a DS340 |b .B65 2006 |
| 082 | 0 | 0 | |a 909/.09824083 |
| 100 | 1 | |a Bose, Sugata, | |
| 245 | 1 | 2 | |a A hundred horizons : |b the Indian Ocean in the age of global empire / |c Sugata Bose. |
| 260 | |a Cambridge, Mass. : |b Harvard University Press, |c 2006. | ||
| 300 | |a xii, 333 p. : |b ill., 1 map ; |c 22 cm. | ||
| 504 | |a Includes bibliographical references (p. [285]-313) and index. | ||
| 651 | 0 | |a Indian Ocean Region |x History. | |
| 856 | 4 | 1 | |3 Table of contents only |u http://www.loc.gov/catdir/toc/fy0613/2005052767.html |
| 856 | 4 | 2 | |3 Book review (H-Net) |u http://www.h-net.org/reviews/showrev.php?id=21321 |
| 906 | |a 7 |b cbc |c orignew |d 1 |e ocip |f 20 |g y-gencatlg | ||
| 942 | |c BK | ||
| 955 | |a pc14 2005-09-06 to ASCD |c jb16 2005-09-07 |a jb10 2005-09-07 to RCCD ; |a aa05 2005-09-09 |a ps08 2006-08-10 1 copy rec'd., to CIP ver. |a sg14 2006-09-09 copy 2 added | ||
| 999 | |c 291382 |d 291382 | ||
| 952 | |0 0 |1 0 |4 0 |6 915_416500000000000_BOS_H |7 0 |9 331655 |a HIS |b HIS |c ST1 |d 2018-02-21 |i 23386 |l 0 |o 915.4165 BOS/H |p HIS23386 |r 2018-08-23 |w 2018-08-23 |y BK | ||